[Event "BCF-chT3E 2223 (4NCL)"]
[Site "England"]
[Date "2023.05.01"]
[Round "11.45"]
[White "Borrowdale, Graham E"]
[Black "Trevelyan, John"]
[Result "1-0"]
[WhiteElo "1925"]
[BlackElo "1882"]
[PlyCount "97"]
[EventDate "2022.11.05"]
[EventType "team-tourn"]
[EventRounds "11"]
[EventCountry "ENG"]
[SourceTitle "EXT 2024"]
[Source "ChessBase"]
[SourceDate "2023.10.10"]
[SourceVersion "1"]
[SourceVersionDate "2023.10.10"]
[SourceQuality "1"]
[WhiteTeam "Cambridge University II"]
[BlackTeam "Rhyfelwyr Essyllwg"]
[WhiteTeamCountry "ENG"]
[BlackTeamCountry "ENG"]

1. d4 d6 2. Nf3 Nf6 3. c4 Nbd7 4. Nc3 e5 5. dxe5 dxe5 6. g3 c6 7. Bg2 Be7 8. 0-0 0-0 9. Qc2 Qc7 10. b3 Nc5 11. Bb2 Bg4 12. Rad1 Rad8 13. h3 Bh5 14. Nh4 Nfd7 15. Nf5 Bf6 16. b4 Ne6 17. g4 Bg6 18. e3 Nb8 19. Ne4 Rxd1 20. Rxd1 Rd8 21. Nxf6+ gxf6 22. Rxd8+ Qxd8 23. Kh2 b6 24. Bc3 c5 25. b5 Ng7 26. Bf3 Qd7 27. Be4 Bxf5 28. Bxf5 Nxf5 29. Qxf5 Qxf5 30. gxf5 Nd7 31. Kg3 Kf8 32. Kf3 Ke7 33. Ke4 Kd6 34. a4 Nb8 35. a5 Nd7 36. a6 Nb8 37. f3 Nd7 38. Be1 Nb8 39. Bg3 Nd7 40. Bh4 h6 41. Bg3 Nf8 42. Be1 Nd7 43. Bc3 Nb8 44. f4 Nd7 45. Bb2 exf4 46. exf4 h5 47. Bc3 Nf8 48. Bxf6 Nd7 49. Be5+ 1-0

[Event "BCF-chT3E 2223 (4NCL)"]
[Site "England"]
[Date "2023.02.11"]
[Round "5.16"]
[White "Trevelyan, John"]
[Black "Tart, Peter K"]
[Result "1/2-1/2"]
[WhiteElo "1882"]
[BlackElo "1856"]
[PlyCount "102"]
[EventDate "2022.11.05"]
[EventType "team-tourn"]
[EventRounds "11"]
[EventCountry "ENG"]
[SourceTitle "EXT 2024"]
[Source "ChessBase"]
[SourceDate "2023.10.10"]
[SourceVersion "1"]
[SourceVersionDate "2023.10.10"]
[SourceQuality "1"]
[WhiteTeam "Rhyfelwyr Essyllwg"]
[BlackTeam "Crowthorne"]
[WhiteTeamCountry "ENG"]
[BlackTeamCountry "ENG"]

1. d4 f5 2. c4 Nf6 3. Nc3 e6 4. f4 b6 5. Nf3 Bb7 6. e3 Bb4 7. Bd2 0-0 8. Bd3 d6 9. 0-0 Bxc3 10. Bxc3 Ne4 11. Bxe4 Bxe4 12. Ng5 Qe8 13. Nxe4 fxe4 14. Qg4 Qf7 15. d5 exd5 16. cxd5 Nd7 17. Rad1 Rae8 18. Rf2 Re7 19. Rc2 Nc5 20. Rd4 a5 21. Qd1 Qf5 22. g4 Qd7 23. Rg2 Qb5 24. h4 Nd3 25. h5 Qd7 26. Kh2 Qb5 27. g5 Qd7 28. h6 g6 29. b3 Qf5 30. Qd2 Ref7 31. Kg3 Ne5 32. Ba1 Qg4+ 33. Kf2 Qh4+ 34. Kf1 Nf3 35. Qc3 Qh1+ 36. Kf2 Ne5 37. Rxe4 Qh4+ 38. Kg1 Nf3+ 39. Kf1 Qh1+ 40. Kf2 Ne5 41. Kg3 Rf5 42. Kf2 Qd1 43. Rd4 Qf3+ 44. Kg1 Ng4 45. Rd3 Ne5 46. Rdd2 Qe4 47. Rdf2 R8f7 48. Kh2 Kf8 49. Kg3 Rxg5+ 50. fxg5 Qg4+ 51. Kh2 Qh5+ 1/2-1/2

[Event "BCF-chT3Sa 1920 (4NCL)"]
[Site "England"]
[Date "2019.11.09"]
[Round "1.45"]
[White "Rasanen, Otto"]
[Black "Trevelyan, John"]
[Result "1-0"]
[WhiteElo "1916"]
[BlackElo "1999"]
[PlyCount "79"]
[EventDate "2019.11.09"]
[EventType "team-tourn"]
[EventRounds "11"]
[EventCountry "ENG"]
[SourceTitle "EXT 2023"]
[Source "ChessBase"]
[SourceDate "2022.10.05"]
[SourceVersion "1"]
[SourceVersionDate "2022.10.05"]
[SourceQuality "1"]
[WhiteTeam "Oxford III"]
[BlackTeam "Rhyfelwyr Essyllwg"]
[WhiteTeamCountry "ENG"]
[BlackTeamCountry "WLS"]

1. d4 d6 2. Nf3 Nd7 3. c4 e5 4. Nc3 Ngf6 5. g3 Be7 6. Bg2 0-0 7. 0-0 c6 8. e4 Qc7 9. h3 Re8 10. Be3 Bf8 11. Rc1 exd4 12. Nxd4 Nc5 13. Qc2 Ne6 14. b3 g6 15. Rcd1 Bg7 16. Nxe6 fxe6 17. Rd3 e5 18. Qd2 Bf8 19. f4 Be7 20. f5 Rf8 21. g4 Rf7 22. Bg5 gxf5 23. exf5 Bd7 24. Bxf6 Rxf6 25. Ne4 Raf8 26. Nxf6+ Rxf6 27. Be4 Rf7 28. f6 Qb6+ 29. Kg2 Bf8 30. Qg5+ Kh8 31. Qh5 Be6 32. Bf5 Bxf5 33. Qxf7 Be4+ 34. Kg3 Qd8 35. Rd2 Bg6 36. Qxb7 d5 37. cxd5 e4 38. d6 e3 39. Qc7 Qe8 40. d7 1-0

[Event "BCF-chT3S 1819 (4NCL) Promotion pool"]
[Site "England"]
[Date "2019.05.06"]
[Round "11.44"]
[White "Gibbs, Dominic V"]
[Black "Trevelyan, John"]
[Result "1-0"]
[WhiteElo "1946"]
[BlackElo "1989"]
[PlyCount "63"]
[EventDate "2019.04.14"]
[EventType "team-tourn"]
[EventRounds "11"]
[EventCountry "ENG"]
[SourceTitle "EXT 2021"]
[Source "ChessBase"]
[SourceDate "2020.10.23"]
[SourceVersion "1"]
[SourceVersionDate "2020.10.23"]
[SourceQuality "1"]
[WhiteTeam "Iceni"]
[BlackTeam "Rhyfelwyr Essyllwg"]
[WhiteTeamCountry "ENG"]
[BlackTeamCountry "WLS"]

1. e4 d6 2. Bc4 Nf6 3. d3 e5 4. Nf3 Be7 5. 0-0 0-0 6. c3 h6 7. h3 Nh7 8. Be3 Nd7 9. d4 Ng5 10. Nbd2 c6 11. a4 Bf6 12. a5 Qe7 13. Qc2 Ne6 14. Kh2 Nf4 15. g3 g5 16. gxf4 gxf4 17. Bxf4 exf4 18. e5 dxe5 19. Qg6+ Bg7 20. Rg1 Qf6 21. Qh5 Nc5 22. dxc5 Bf5 23. Qh4 Qxh4 24. Nxh4 Bh7 25. a6 bxa6 26. Rxa6 Rfd8 27. Nb3 e4 28. Rxc6 Kf8 29. Rc7 Bg8 30. Nf5 Be5 31. Re7 Bf6 32. Rb7 1-0

[Event "Olomouc op 20th"]
[Site "Olomouc"]
[Date "2017.08.17"]
[Round "7"]
[White "Houska, Jiri"]
[Black "Trevelyan, John"]
[Result "1-0"]
[WhiteElo "2202"]
[BlackElo "2047"]
[PlyCount "85"]
[EventDate "2017.08.12"]
[EventType "swiss"]
[EventRounds "9"]
[EventCountry "CZE"]
[SourceTitle "CBM 180 Extra"]
[Source "ChessBase"]
[SourceDate "2017.10.06"]
[SourceVersion "1"]
[SourceVersionDate "2017.10.06"]
[SourceQuality "1"]

1. e4 d6 2. d4 e5 3. Nf3 Nc6 4. Bb5 Bd7 5. 0-0 Nf6 6. Nc3 Nxd4 7. Nxd4 exd4 8. Bxd7+ Qxd7 9. Qxd4 Be7 10. b3 0-0 11. Bb2 Rfe8 12. Nd5 c6 13. Nxe7+ Qxe7 14. f3 Qe5 15. Rad1 Re6 16. Qxe5 dxe5 17. Rd3 Kf8 18. Rfd1 Ke8 19. a4 Rc8 20. g4 h6 21. h4 Rc7 22. Rd8+ Ke7 23. Ra8 b6 24. Rd3 h5 25. g5 Nd7 26. Kf2 g6 27. Ke3 Rd6 28. f4 exf4+ 29. Kxf4 Rxd3 30. cxd3 c5 31. Bg7 Rb7 32. Rc8 a5 33. e5 Nb8 34. Bf6+ Kd7 35. Rf8 Kc6 36. Ke4 c4 37. Rc8+ Rc7 38. Rxc7+ Kxc7 39. bxc4 Kd7 40. Bg7 Na6 41. Bf8 Nc5+ 42. Bxc5 bxc5 43. Kd5 1-0

[Event "BCF-chT3S 1617 (4NCL) Demotion pool"]
[Site "England"]
[Date "2017.04.30"]
[Round "10.64"]
[White "Trevelyan, John"]
[Black "Starley, Robert"]
[Result "0-1"]
[WhiteElo "2056"]
[BlackElo "2075"]
[PlyCount "86"]
[EventDate "2016.11.26"]
[EventType "team-tourn"]
[EventRounds "11"]
[EventCountry "ENG"]
[SourceTitle "EXT 2019"]
[Source "ChessBase"]
[SourceDate "2018.10.10"]
[SourceVersion "1"]
[SourceVersionDate "2018.10.10"]
[SourceQuality "1"]
[WhiteTeam "Rhyfelwyr Essyllwg"]
[BlackTeam "Cambridge University II"]
[WhiteTeamCountry "WLS"]
[BlackTeamCountry "ENG"]

1. d4 Nf6 2. c4 e6 3. Nf3 Bb4+ 4. Bd2 Qe7 5. Nc3 b6 6. e3 Bb7 7. Bd3 0-0 8. 0-0 d6 9. a3 Bxc3 10. Bxc3 Nbd7 11. Nd2 e5 12. d5 e4 13. Bc2 a5 14. Qe2 Ba6 15. Rad1 Nxd5 16. Nxe4 Nxc3 17. Nxc3 Ne5 18. b3 c6 19. e4 Qf6 20. Qe3 Nd7 21. Qg3 Ne5 22. Qe3 Nd7 23. f4 Rad8 24. e5 dxe5 25. fxe5 Qxe5 26. Qh3 h6 27. Rfe1 Qc5+ 28. Kh1 Nf6 29. Qf3 b5 30. Ne4 Nxe4 31. Qxe4 g6 32. cxb5 cxb5 33. b4 axb4 34. axb4 Qc7 35. Bb3 Kg7 36. Rc1 Qd7 37. Qe5+ Kg8 38. h4 Bb7 39. Rc7 Qh3+ 40. Qh2 Bxg2+ 41. Kg1 Qxb3 42. Qxg2 Qxb4 43. Qe4 Rd4 0-1

[Event "Hastings Masters op 92nd"]
[Site "Hastings"]
[Date "2016.12.31"]
[Round "4"]
[White "Trevelyan, John"]
[Black "Wilson, Matthew R"]
[Result "1/2-1/2"]
[WhiteElo "2082"]
[BlackElo "1791"]
[PlyCount "131"]
[EventDate "2016.12.28"]
[EventType "swiss"]
[EventRounds "9"]
[EventCountry "ENG"]
[SourceTitle "CBM 176 Extra"]
[Source "ChessBase"]
[SourceDate "2017.03.02"]
[SourceVersion "1"]
[SourceVersionDate "2017.03.02"]
[SourceQuality "1"]

1. d4 Nf6 2. Nf3 e6 3. c4 d5 4. Nc3 Be7 5. Bg5 h6 6. Bxf6 Bxf6 7. cxd5 exd5 8. e3 0-0 9. Bd3 Be7 10. Qc2 c6 11. 0-0 Nd7 12. a3 a5 13. Rab1 b5 14. a4 b4 15. Ne2 c5 16. b3 Bb7 17. Rbc1 Rc8 18. Qd2 Qb6 19. Bf5 Rc7 20. Bxd7 Rxd7 21. dxc5 Bxc5 22. Ned4 Bd6 23. Rfd1 Bb8 24. Qd3 Rdd8 25. Qb5 Rd6 26. Qxb6 Rxb6 27. Rc5 Rc8 28. Rdc1 Rxc5 29. Rxc5 Ra6 30. Rb5 Ra7 31. Nc6 Bxc6 32. Rxb8+ Kh7 33. Rc8 Bd7 34. Rc5 Ra8 35. Kf1 Rc8 36. Rxa5 Rc1+ 37. Ke2 Rc2+ 38. Ke1 Rb2 39. Nd4 Be6 40. Rb5 Rb1+ 41. Ke2 Bg4+ 42. f3 Rb2+ 43. Kf1 Bc8 44. Rxb4 Ba6+ 45. Kg1 Rb1+ 46. Kf2 Rb2+ 47. Kg3 Bf1 48. Kf4 Rxg2 49. a5 Rxh2 50. Ra4 f6 51. e4 dxe4 52. Kxe4 Ba6 53. b4 Rb2 54. b5 Bxb5 55. Nxb5 Rxb5 56. a6 Re5+ 57. Kf4 Re8 58. a7 Ra8 59. Kf5 h5 60. Kf4 g5+ 61. Kf5 Kg7 62. Ra6 g4 63. f4 g3 64. Ra2 Kf7 65. Ke4 g2 66. Rxg2 1/2-1/2

[Event "Hastings Masters op 92nd"]
[Site "Hastings"]
[Date "2016.12.28"]
[Round "1"]
[White "Ruane, Brendan J"]
[Black "Trevelyan, John"]
[Result "0-1"]
[WhiteElo "1867"]
[BlackElo "2082"]
[PlyCount "154"]
[EventDate "2016.12.28"]
[EventType "swiss"]
[EventRounds "9"]
[EventCountry "ENG"]
[SourceTitle "CBM 176 Extra"]
[Source "ChessBase"]
[SourceDate "2017.03.02"]
[SourceVersion "1"]
[SourceVersionDate "2017.03.02"]
[SourceQuality "1"]

1. e4 d6 2. d4 e5 3. Nf3 Nc6 4. d5 Nce7 5. Nc3 g6 6. Bb5+ Bd7 7. a4 f6 8. 0-0 Bh6 9. Be3 Kf7 10. Bxd7 Qxd7 11. Qd2 Kg7 12. Ne1 Bxe3 13. fxe3 Nh6 14. Nd3 a6 15. a5 Raf8 16. Rf3 Rhg8 17. Raf1 g5 18. Qf2 Ng4 19. Qg3 Ng6 20. Nf2 Nxf2 21. Qxf2 Qe7 22. Ne2 Nh4 23. Rh3 f5 24. Qg3 Kh8 25. exf5 Nxf5 26. Qg4 Nh6 27. Qh5 Rxf1+ 28. Kxf1 g4 29. Rg3 Nf5 30. Qxf5 Rf8 31. Qxf8+ Qxf8+ 32. Ke1 Qf5 33. Kd2 e4 34. Nf4 h5 35. h3 Kh7 36. c4 Kh6 37. b4 c6 38. Ke2 Kg5 39. Nxh5 cxd5 40. Ng7 Qe5 41. Rxg4+ Kh6 42. cxd5 Qxd5 43. h4 Qd3+ 44. Kf2 Qd2+ 45. Kg3 Qxe3+ 46. Kh2 Qf2 47. Ne6 e3 48. Rf4 Qb2 49. Nd4 e2 50. Re4 e1Q 51. Nf5+ Kg6 52. Ne7+ Kf7 53. Rxe1 Qxb4 54. Re3 Qxa5 55. Nc8 d5 56. Nd6+ Kf6 57. Kh3 Qc5 58. Rf3+ Kg6 59. Nf5 a5 60. g4 Qb4 61. h5+ Kg5 62. Ne3 d4 63. Nd5 Qe1 64. Rf5+ Kh6 65. g5+ Kg7 66. Nf4 d3 67. h6+ Kg8 68. Nxd3 Qe3+ 69. Kg4 Qxd3 70. g6 Qe2+ 71. Kg5 Qe3+ 72. Kh5 Qe2+ 73. Kg5 Qe7+ 74. Kh5 a4 75. h7+ Kh8 76. Kh6 Qh4+ 77. Rh5 Qxh5+ 0-1

[Event "BCF-chT3Sd 1516 (4NCL)"]
[Site "England"]
[Date "2016.05.01"]
[Round "10.96"]
[White "Trevelyan, John"]
[Black "Vachtfeidl, Petr"]
[Result "1/2-1/2"]
[WhiteElo "2087"]
[BlackElo "1974"]
[PlyCount "33"]
[EventDate "2016.03.20"]
[EventType "team-swiss"]
[EventRounds "11"]
[EventCountry "ENG"]
[SourceTitle "EXT 2017"]
[Source "ChessBase"]
[SourceDate "2016.10.25"]
[SourceVersion "1"]
[SourceVersionDate "2016.10.25"]
[SourceQuality "1"]
[WhiteTeam "Rhyfelwyr Essyllwg"]
[BlackTeam "CSC Rhinos II"]
[WhiteTeamCountry "ENG"]
[BlackTeamCountry "ENG"]

1. Nf3 g6 2. e4 Bg7 3. d4 d6 4. c4 Bg4 5. Be2 Bxf3 6. Bxf3 Nc6 7. Be3 e5 8. dxe5 dxe5 9. Nc3 Nd4 10. Qd2 Nxf3+ 11. gxf3 Qxd2+ 12. Bxd2 0-0-0 13. 0-0-0 c6 14. Bg5 f6 15. Rxd8+ Kxd8 16. Be3 Bh6 17. Bxh6 1/2-1/2

[Event "BCF-chT2a 1314 (4NCL)"]
[Site "England"]
[Date "2014.03.22"]
[Round "7.43"]
[White "Trevelyan, John"]
[Black "Simons, Martin J"]
[Result "1/2-1/2"]
[WhiteElo "2122"]
[BlackElo "2096"]
[PlyCount "91"]
[EventDate "2013.11.16"]
[EventType "team-swiss"]
[EventRounds "11"]
[EventCountry "ENG"]
[SourceTitle "EXT 2015"]
[Source "ChessBase"]
[SourceDate "2014.11.20"]
[SourceVersion "1"]
[SourceVersionDate "2014.11.20"]
[SourceQuality "1"]
[WhiteTeam "Rhyfelwyr Essyllwg"]
[BlackTeam "Wessex"]
[WhiteTeamCountry "ENG"]
[BlackTeamCountry "ENG"]

1. d4 c5 2. d5 Nf6 3. Nc3 Qa5 4. f3 b5 5. e4 b4 6. Nb1 d6 7. c4 bxc3 8. Nxc3 Ba6 9. Qa4+ Qxa4 10. Nxa4 Bxf1 11. Kxf1 g6 12. Be3 Bg7 13. Ne2 0-0 14. Nec3 Nbd7 15. Ke2 Rab8 16. Rad1 Rb4 17. b3 Rc8 18. Bc1 Ne8 19. Ba3 Rb7 20. Rb1 Nc7 21. Rhc1 Na6 22. Nd1 Rcb8 23. Ne3 Nc7 24. Nc4 Nb5 25. Bb2 Bxb2 26. Naxb2 Nb6 27. Na5 Rc7 28. Nc6 Rbc8 29. a4 Nd4+ 30. Nxd4 cxd4 31. Rxc7 Rxc7 32. Kd2 a5 33. Rc1 Rb7 34. Nd3 Kf8 35. Rc6 Ke8 36. b4 axb4 37. a5 Na4 38. a6 Ra7 39. Nxb4 Nc5 40. Rb6 Kd7 41. Nc6 Kc7 42. Nxa7 Kxb6 43. Nc8+ Kxa6 44. Nxe7 Kb5 45. Nc8 Nb7 46. Kd3 1/2-1/2